<?xml version="1.0" encoding="UTF-8"?>
<record
    xmlns:xsi="http://www.w3.org/2001/XMLSchema-instance"
    xsi:schemaLocation="http://www.loc.gov/MARC21/slim http://www.loc.gov/standards/marcxml/schema/MARC21slim.xsd"
    xmlns="http://www.loc.gov/MARC21/slim">

  <leader>00602    a2200181   4500</leader>
  <datafield tag="952" ind1=" " ind2=" ">
    <subfield code="0">0</subfield>
    <subfield code="1">0</subfield>
    <subfield code="4">0</subfield>
    <subfield code="7">0</subfield>
    <subfield code="8">NFIC</subfield>
    <subfield code="a">LL</subfield>
    <subfield code="b">LL</subfield>
    <subfield code="c">GEN</subfield>
    <subfield code="d">2021-06-21</subfield>
    <subfield code="i">004874</subfield>
    <subfield code="l">2</subfield>
    <subfield code="o">KTZ1554 MAH 2010</subfield>
    <subfield code="p">004874</subfield>
    <subfield code="r">2025-10-02 14:28:24</subfield>
    <subfield code="s">2024-03-15</subfield>
    <subfield code="t">c.1</subfield>
    <subfield code="w">2021-06-21</subfield>
    <subfield code="y">BK</subfield>
  </datafield>
  <datafield tag="952" ind1=" " ind2=" ">
    <subfield code="0">0</subfield>
    <subfield code="1">0</subfield>
    <subfield code="4">0</subfield>
    <subfield code="7">0</subfield>
    <subfield code="8">NFIC</subfield>
    <subfield code="a">LL</subfield>
    <subfield code="b">CCL</subfield>
    <subfield code="c">GEN</subfield>
    <subfield code="d">2014-06-25</subfield>
    <subfield code="i">17974</subfield>
    <subfield code="l">1</subfield>
    <subfield code="o">KTZ1554 MAH 2010</subfield>
    <subfield code="p">004586</subfield>
    <subfield code="r">2022-11-10 00:00:00</subfield>
    <subfield code="s">2022-11-03</subfield>
    <subfield code="t">c.2</subfield>
    <subfield code="w">2021-06-25</subfield>
    <subfield code="y">BK</subfield>
  </datafield>
  <datafield tag="999" ind1=" " ind2=" ">
    <subfield code="c">9473</subfield>
    <subfield code="d">9473</subfield>
  </datafield>
  <datafield tag="020" ind1=" " ind2=" ">
    <subfield code="a">9780409045987</subfield>
  </datafield>
  <datafield tag="050" ind1=" " ind2=" ">
    <subfield code="a">KF9601 MAH 2010</subfield>
  </datafield>
  <datafield tag="100" ind1=" " ind2=" ">
    <subfield code="a">Du Toit, Pieter</subfield>
    <subfield code="e">author</subfield>
  </datafield>
  <datafield tag="245" ind1=" " ind2=" ">
    <subfield code="a">Law lifeline :</subfield>
    <subfield code="b"> law of criminal procedure /</subfield>
    <subfield code="c">Pieter Du Toit; Kanagie Naidoo; Jacques Mahler-Coetzee</subfield>
  </datafield>
  <datafield tag="264" ind1=" " ind2=" ">
    <subfield code="a">Durban : </subfield>
    <subfield code="b">LexisNexis,</subfield>
    <subfield code="c"> 2010.</subfield>
  </datafield>
  <datafield tag="300" ind1=" " ind2=" ">
    <subfield code="a">v, 124 pages : illustrations ; 30 cm</subfield>
  </datafield>
  <datafield tag="500" ind1=" " ind2=" ">
    <subfield code="a">lncludes index</subfield>
  </datafield>
  <datafield tag="650" ind1=" " ind2=" ">
    <subfield code="a">Law -- Study and teaching. </subfield>
  </datafield>
  <datafield tag="650" ind1=" " ind2=" ">
    <subfield code="a">Torts -- Study and teaching.</subfield>
  </datafield>
  <datafield tag="700" ind1=" " ind2=" ">
    <subfield code="a">Kanagie Naidoo</subfield>
  </datafield>
  <datafield tag="700" ind1=" " ind2=" ">
    <subfield code="a"> Jacques Mahler-Coetzee</subfield>
  </datafield>
  <datafield tag="942" ind1=" " ind2=" ">
    <subfield code="2">lcc</subfield>
    <subfield code="c">BK</subfield>
    <subfield code="h">9601</subfield>
    <subfield code="i">MAH</subfield>
    <subfield code="k">KF</subfield>
  </datafield>
</record>
